| 000 | 01575nam0a22002771 4500 | ||
|---|---|---|---|
| 001 | rc\400738 | ||
| 005 | 20260407072048.0 | ||
| 035 | _a(NLR Aleph) 005649517 | ||
| 090 |
_a6756119 _c6756119 |
||
| 100 | _a20030616d1989 u y0rusy50 ca | ||
| 101 | 0 | _arus | |
| 102 | _aRU | ||
| 105 | _ay ||||||||| | ||
| 200 | 1 |
_aАНАЛИЗ истории развития советской модели социализма (от "краткого курса истории ВКП(б)" до "перестройки и нового мышления") _f[К. филол. н. А.М. Ефремов _gОтв. ред. д. ист. н. А.М. Григорьев] |
|
| 210 |
_aМ. _cИНИОН _d1989 |
||
| 215 |
_a43 с. _d28 |
||
| 225 | 1 |
_aСпециализированная информация _fАН СССР, ИНИОН _v№ 40/1201 |
|
| 300 | _aНа тит. л. сведения о реф. изд.: Сулянь шахуйчжуи мощи ды лиши каоча (цун "Ляньгун (бу) данши цзяочэн" дао "Гайгэ юй синь сывэй" // Шицзе лиши. - Пекин, 1988. - № 4. - С. 1-46 | ||
| 701 | 1 |
_aЕфремов _bА.М. |
|
| 702 | 1 |
_4340 _aГригорьев _bА. М. _cд-р ист. наук _f1933- _gАлександр Миронович _9175276 _3RU\NLR\AUTH\770175327 |
|
| 712 | 0 | 2 |
_aИнститут научной информации по общественным наукам _cМосква _3RU\NLR\AUTH\88992 _9272425 |
| 801 | 0 |
_aRU _bNLR _gpsbo |
|
| 801 | 1 |
_aRU _bELAR _2rusmarc |
|
| 852 |
_aNLR _j90-8/381 |
||
| 942 | _cBOOK | ||
| 980 | _aNB | ||